| 000 | 00388nam a2200109Ia 4500 | ||
|---|---|---|---|
| 008 | 160909s9999 xx 000 0 und d | ||
| 100 | _aHamilton, Heather C. | ||
| 245 | _aAirline Pilots in Recovery From Alcoholism: A Quantitative Study of Cognitive Change | ||
| 260 |
_bWalden University _c2016 |
||
| 650 | _aPSYCHOLOGY | ||
| 856 | _uhttp://pqdtopen.proquest.com/doc/1734042580.html?FMT=ABS | ||
| 999 |
_c304112 _d304112 |
||